Ψυχολογία και οδηγητική της προσωπικότητας του αναπτυσσόμενου ανθρώπου : νηπιακή, παιδική, εφηβική ηλικία

Αποθηκεύτηκε σε:
Λεπτομέρειες βιβλιογραφικής εγγραφής
Κύριος συγγραφέας: Δερβίσης, Στέργιος Ν.
Μορφή: Βιβλίο
Γλώσσα:Greek
Δημοσίευση: Θεσσαλονίκη : [χ.ό.], 1984.
Θέματα:
Ετικέτες: Προσθήκη ετικέτας
Δεν υπάρχουν, Καταχωρήστε ετικέτα πρώτοι!

MARC

LEADER 00000cam a2200000 a 4500
001 1/124729
008 220419s1984####gr | ||| |||| ||gre||
040 |a GR-MyUa  |b gre  |c GR-MyUa  |e AACR2 
041 0 |a gre 
082 7 |a 155   |2 (23) 
100 1 |a Δερβίσης, Στέργιος Ν. 
245 1 0 |a Ψυχολογία και οδηγητική της προσωπικότητας του αναπτυσσόμενου ανθρώπου :   |b νηπιακή, παιδική, εφηβική ηλικία /   |c Στέργιου Ν. Δερβίση.  
260 |a Θεσσαλονίκη :   |b [χ.ό.],   |c 1984.  
300 |a 339 σ. ;   |c 24 εκ.  
500 |a Το βιβλίο είναι γραμμένο κατά το μονοτονικό σύστημα όπως καθορίζεται απ' το Π.Δ. 297/1982.  
504 |a Βιβλιογραφία : 324-332. Ευρετήριο ονομάτων και όρων.  
650 0 |a Developmental psychology 
650 0 |a Personality  |x Physiological aspects. 
650 0 |a Child psychology 
650 0 |a Adolescent psychology 
852 |a INST  |b RHODES  |c AKA  |e 20220419  |h 155 ΔΕΡ  |p 005400042740  |q 005400042740  |t BK  |y 0 
970 |z 19-04-2022